000 00400nam a2200169Ia 4500
001 23781
003 IN-NITTTR
005 20251114233306.0
008 251113s9999||||xx |||||||||||||| ||eng||
040 _beng
040 _cIN-NITTTR
041 _aeng
082 _a153.35 D569S
100 _aDigumarti, Rao Bhaskar.
245 0 _aScientific attitude /
_cDigumarti, Rao Bhaskar.
942 _2ddc
_cBK
999 _c26410
_d26410